000 00427nam a2200181Ia 4500
001 2333
005 20260306144759.0
008 260306t2010||||xx |||||||||||||| ||spa||
041 _aESP
082 _a616.8582
_bM569P
100 _aMoya Albiol, Luis
_eAUT
245 0 _aPsicobiologĂ­a de la violencia
260 _c2010
300 _a220 páginas :
_c24 cm.
650 _aGEN
654 _aCPS
942 _cLIB
_dJUS
_fJUS
_2ddc
_n
999 _c2333
_d2333